[Event "World Blitz 2023"]
[Site "Samarkand UZB"]
[Date "2023.12.29"]
[EventDate "2023.12.29"]
[Round "11.15"]
[Result "0-1"]
[White "Johan-Sebastian Christiansen"]
[Black "Baadur Jobava"]
[WhiteElo "2541"]
[BlackElo "2599"]
[PlyCount "126"]

1. e4 d6 2. d4 Nf6 3. Nc3 e5 4. Nf3 Nbd7 5. g4 g6 6. g5 Nh5 7. Be3 Bg7 8.
Rg1 O-O 9. h4 c6 10. dxe5 dxe5 11. Qd6 Re8 12. O-O-O Bf8 13. Qd2 Qa5 14. a3
Nb6 15. Na2 Qa4 16. Nc3 Qa5 17. Na2 Qxd2+ 18. Nxd2 Be6 19. Nb4 Nf4 20. Nd3
Nxd3+ 21. Bxd3 Rad8 22. h5 gxh5 23. Rh1 Nd7 24. Be2 Bc5 25. Bxc5 Nxc5 26.
Rxh5 Rd4 27. Rdh1 Nxe4 28. Rxh7 Rxd2 29. Bd3 Rxd3 30. cxd3 Nxf2 31. R1h2
Ng4 32. R2h4 Kf8 33. g6 Nf6 34. Rh8+ Kg7 35. Rxe8 Nxe8 36. gxf7 Bxf7 37.
Ra4 a6 38. Rg4+ Kf6 39. Kd2 Nd6 40. a4 Nf5 41. Kc3 Nd4 42. Rh4 Kg7 43. Rg4+
Bg6 44. Rg2 a5 45. Rf2 c5 46. Kc4 b6 47. Kc3 Be8 48. Rg2+ Kf7 49. Rf2+ Ke7
50. Rh2 Bxa4 51. Rh5 Kd6 52. Rh6+ Ne6 53. Rh8 b5 54. b3 b4+ 55. Kb2 Bb5 56.
Ra8 Bxd3 57. Rxa5 e4 58. Kc1 e3 59. Ra8 Nd4 60. Re8 Nxb3+ 61. Kb2 Nd2 62.
Rd8+ Kc7 63. Rxd3 e2 0-1

[Event "World Blitz 2023"]
[Site "Samarkand UZB"]
[Date "2023.12.29"]
[EventDate "2023.12.29"]
[Round "11.16"]
[Result "1-0"]
[White "Alexandr Predke"]
[Black "Yuriy Kuzubov"]
[WhiteElo "2594"]
[BlackElo "2487"]
[PlyCount "84"]

1. d4 Nf6 2. c4 e6 3. Nf3 d5 4. Nc3 Nbd7 5. cxd5 exd5 6. Bg5 c6 7. e3 h6 8.
Bf4 Nh5 9. Be5 Be7 10. Bd3 Nhf6 11. O-O O-O 12. Rc1 Re8 13. Bb1 Bf8 14. h3
Nxe5 15. Nxe5 c5 16. f4 cxd4 17. exd4 Qb6 18. Qd3 g6 19. Qd2 Bb4 20. Kh1
Ne4 21. Bxe4 dxe4 22. f5 gxf5 23. Qe3 Bf8 24. Nd5 Qd6 25. Nc7 Be6 26. Nxa8
Rxa8 27. a3 Bg7 28. Rfd1 Rd8 29. Qf2 Qe7 30. Nc4 Qg5 31. Ne3 f4 32. Ng4 h5
33. Ne5 Bxe5 34. dxe5 Rxd1+ 35. Rxd1 e3 36. Qf3 Qxe5 37. Qxb7 Bf5 38. Rd5
Qe6 39. Qb8+ Kh7 40. Qe5 Be4 41. Qxh5+ Kg7 42. Re5 1-0

[Event "World Blitz 2023"]
[Site "Samarkand UZB"]
[Date "2023.12.29"]
[EventDate "2023.12.29"]
[Round "11.17"]
[Result "0-1"]
[White "Evgeniy Najer"]
[Black "Renato Terry"]
[WhiteElo "2545"]
[BlackElo "2578"]
[PlyCount "54"]

1. e4 e6 2. d4 d5 3. Nc3 Nf6 4. e5 Nfd7 5. f4 c5 6. Nf3 Nc6 7. Be3 Be7 8.
Qd2 O-O 9. dxc5 Qa5 10. a3 Nxc5 11. O-O-O a6 12. Kb1 Qc7 13. Qf2 b6 14. h4
f6 15. exf6 Bxf6 16. Nd4 Bxd4 17. Bxd4 Rxf4 18. Qe3 Nxd4 19. Rxd4 Rxd4 20.
Qxd4 Bb7 21. Be2 e5 22. Qd2 d4 23. Bc4+ Kh8 24. Nd5 Qd6 25. Nb4 Rc8 26. Rf1
Ne4 27. Qd3 Rxc4 0-1

[Event "World Blitz 2023"]
[Site "Samarkand UZB"]
[Date "2023.12.29"]
[EventDate "2023.12.29"]
[Round "11.18"]
[Result "1-0"]
[White "Aryan Tari"]
[Black "Mittal Aditya"]
[WhiteElo "2577"]
[BlackElo "2425"]
[PlyCount "114"]

1. e4 e5 2. Nf3 Nc6 3. Bb5 Nf6 4. O-O Nxe4 5. Re1 Nd6 6. Bf1 Be7 7. Nc3 Nf5
8. Nxe5 Nxe5 9. Rxe5 d6 10. Re1 d5 11. Bd3 c6 12. Qe2 Nd6 13. Qe5 Kf8 14.
b3 Be6 15. Bb2 Bf6 16. Qg3 g6 17. Ba3 Be7 18. Qe5 Kg8 19. Ne2 Nc4 20. bxc4
Bxa3 21. Nf4 Bd6 22. Qe3 Bxf4 23. Qxf4 Kg7 24. c5 Re8 25. Rab1 Rb8 26. a4
b6 27. Qd4+ Qf6 28. c3 Bd7 29. Rxe8 Bxe8 30. g4 Bd7 31. g5 Qxd4 32. cxd4 f6
33. h4 fxg5 34. hxg5 h6 35. f4 hxg5 36. fxg5 Kf7 37. Rf1+ Kg7 38. Rb1 Kf7
39. Kg2 Kg7 40. Kg3 Be8 41. Kf4 Rb7 42. Ke5 Re7+ 43. Kd6 Rb7 44. Ba6 Rd7+
45. Kxc6 bxc5 46. dxc5 Re7+ 47. Kd6 Rd7+ 48. Ke6 Rc7 49. Kxd5 Bxa4 50. Rb4
Be8 51. d4 Rd7+ 52. Ke6 Kf8 53. c6 Re7+ 54. Kd6 Re1 55. d5 Rc1 56. c7 Kf7
57. c8=Q 1-0

[Event "World Blitz 2023"]
[Site "Samarkand UZB"]
[Date "2023.12.29"]
[EventDate "2023.12.29"]
[Round "11.19"]
[Result "0-1"]
[White "Eldiar Orozbaev"]
[Black "B Adhiban"]
[WhiteElo "2236"]
[BlackElo "2576"]
[PlyCount "84"]

1. e4 c5 2. c3 d5 3. exd5 Nf6 4. Bb5+ Nbd7 5. c4 a6 6. Bxd7+ Bxd7 7. d4 e6
8. dxe6 fxe6 9. Nf3 Qc7 10. Be3 O-O-O 11. Qc2 cxd4 12. Nxd4 e5 13. Nb3 Bc6
14. N1d2 Bxg2 15. Rg1 Bh3 16. O-O-O g6 17. Qc3 Bf5 18. Nf3 Bd6 19. c5 Ne4
20. Qc4 b5 21. Qd5 Kb8 22. c6 Rc8 23. Ng5 Qxc6+ 24. Qxc6 Rxc6+ 25. Kb1
Nxg5+ 26. Ka1 Nf3 27. Rg3 e4 28. Rxd6 Rxd6 29. Bf4 Rd8 30. Nc5 Ka7 31. Bxd6
Rxd6 32. a4 bxa4 33. Nxa4 h5 34. h4 Nxh4 35. Rc3 Rd7 36. Nc5 Rc7 37. b4 Nf3
38. Ra3 Bc8 39. Nxe4 Nd4 40. Kb2 Rc2+ 41. Kb1 Bf5 42. Nc5 Rxc5+ 0-1

[Event "World Blitz 2023"]
[Site "Samarkand UZB"]
[Date "2023.12.29"]
[EventDate "2023.12.29"]
[Round "11.20"]
[Result "1-0"]
[White "Dmitry Bocharov"]
[Black "Pouya Idani"]
[WhiteElo "2482"]
[BlackElo "2574"]
[PlyCount "80"]

1. c4 e5 2. d3 d6 3. Nc3 f5 4. g3 Nf6 5. Bg2 Be7 6. e3 O-O 7. Nge2 c6 8.
O-O Be6 9. f4 Nbd7 10. b3 Rc8 11. Qd2 a6 12. Bb2 b5 13. Kh1 Qb6 14. h3 Qb8
15. e4 fxe4 16. dxe4 bxc4 17. f5 Bf7 18. g4 h6 19. g5 hxg5 20. Qxg5 d5 21.
exd5 cxd5 22. Rg1 Qd6 23. Bf3 Ne8 24. Qg2 Ndf6 25. Rad1 d4 26. Ng3 Qc7 27.
Nce4 c3 28. Bc1 Qd7 29. Bh6 Kh8 30. Nxf6 Bxf6 31. Ne4 Qxf5 32. Bg4 Qh7 33.
Nxf6 Qxh6 34. Nd7 Rg8 35. Nxe5 Be6 36. Rxd4 Nc7 37. Rd6 Rce8 38. Bxe6 Nxe6
39. Nf7+ Kh7 40. Nxh6 1-0

[Event "World Blitz 2023"]
[Site "Samarkand UZB"]
[Date "2023.12.29"]
[EventDate "2023.12.29"]
[Round "11.21"]
[Result "1-0"]
[White "Jakhongir Vakhidov"]
[Black "Asrorjon Omonov"]
[WhiteElo "2574"]
[BlackElo "2069"]
[PlyCount "84"]

1. c4 e5 2. Nc3 Nc6 3. Nf3 g6 4. d4 exd4 5. Nxd4 Bg7 6. Nxc6 bxc6 7. g3 Ne7
8. Bg2 O-O 9. O-O d6 10. Bg5 Rb8 11. Qd2 Be6 12. b3 Bd7 13. Rad1 Re8 14. c5
d5 15. e4 Be6 16. exd5 cxd5 17. Nxd5 Bxd5 18. Bxd5 Qxd5 19. Qxd5 Nxd5 20.
Rxd5 Re2 21. Rfd1 h6 22. Rd8+ Rxd8 23. Rxd8+ Kh7 24. Be3 Be5 25. Rd2 Rxd2
26. Bxd2 g5 27. Kf1 Kg6 28. Ke2 Kf5 29. h3 h5 30. Kd3 c6 31. b4 a6 32. a4
Ke6 33. Bxg5 Kd5 34. g4 hxg4 35. hxg4 Bc7 36. Be3 Bd8 37. f4 Bf6 38. f5 Bb2
39. Bd2 Be5 40. g5 Bg7 41. Bc3 Bf8 42. g6 1-0

[Event "World Blitz 2023"]
[Site "Samarkand UZB"]
[Date "2023.12.29"]
[EventDate "2023.12.29"]
[Round "11.22"]
[Result "0-1"]
[White "Rustam Khusnutdinov"]
[Black "Haik M Martirosyan"]
[WhiteElo "2499"]
[BlackElo "2770"]
[PlyCount "106"]

1. Nc3 d5 2. e4 d4 3. Nce2 c5 4. f4 Nc6 5. Nf3 g6 6. Ng3 Bg7 7. Bc4 Na5 8.
Bb5+ Bd7 9. Bxd7+ Qxd7 10. d3 Nc6 11. O-O Nf6 12. f5 Ng4 13. Ng5 Nge5 14.
Bf4 Bf6 15. a3 a6 16. Nf3 h5 17. b4 h4 18. Ne2 Nxf3+ 19. Rxf3 g5 20. Bd2 c4
21. Rf1 Ne5 22. Nc1 Rc8 23. dxc4 d3 24. Ra2 dxc2 25. Rxc2 Nxc4 26. Qe2 b5
27. Nd3 Rd8 28. Nc5 Qd4+ 29. Kh1 h3 30. Bc3 hxg2+ 31. Qxg2 Qe3 32. Bxf6
exf6 33. Re2 Qh3 34. Nxa6 Qxg2+ 35. Kxg2 Rd3 36. Rf3 Rd7 37. Nc5 Ra7 38. e5
fxe5 39. f6 g4 40. Rg3 Rh4 41. Nd3 Ra6 42. Nxe5 Re6 43. Nxc4 Rxe2+ 44. Kf1
Rexh2 45. Nd6+ Kd7 46. Nxf7 Ke6 47. Ng5+ Kxf6 48. Ne4+ Kf5 49. Nf2 Kf4 50.
Rc3 g3 51. Nd3+ Kf5 52. Rc5+ Ke4 53. Ne1 Rh1+ 0-1

[Event "World Blitz 2023"]
[Site "Samarkand UZB"]
[Date "2023.12.29"]
[EventDate "2023.12.29"]
[Round "11.23"]
[Result "1-0"]
[White "Giga Quparadze"]
[Black "Mikhail Bryakin"]
[WhiteElo "2617"]
[BlackElo "2495"]
[PlyCount "60"]

1. e4 c6 2. d4 d5 3. f3 g6 4. Be3 Bg7 5. Nc3 Qb6 6. Rb1 Nf6 7. Qd2 dxe4 8.
Nxe4 Bf5 9. Nxf6+ Bxf6 10. Ne2 O-O 11. Ng3 Rd8 12. Nxf5 gxf5 13. c3 Qa5 14.
Bc4 c5 15. b4 cxb4 16. Rxb4 Qc7 17. Bf4 Qd7 18. O-O Nc6 19. Rb5 e5 20. Bg5
Qe7 21. Bxf6 Qxf6 22. Rxb7 Ne7 23. Re1 Rac8 24. Bb3 Kf8 25. dxe5 Qc6 26.
Qg5 Qxb7 27. e6 Qb6+ 28. Kh1 Ng8 29. exf7 Nh6 30. Qg8+ 1-0

[Event "World Blitz 2023"]
[Site "Samarkand UZB"]
[Date "2023.12.29"]
[EventDate "2023.12.29"]
[Round "11.24"]
[Result "0-1"]
[White "Kazybek Nogerbek"]
[Black "Anton Guijarro, David"]
[WhiteElo "2488"]
[BlackElo "2616"]
[PlyCount "212"]

1. d4 d5 2. Nf3 e6 3. c4 dxc4 4. e3 Nf6 5. Bxc4 c5 6. O-O Nc6 7. Nc3 a6 8.
a3 b5 9. Ba2 Bb7 10. d5 exd5 11. Nxd5 Bd6 12. e4 Nxd5 13. Qxd5 Qc7 14. Qh5
O-O 15. Be3 c4 16. b3 Na5 17. bxc4 Nxc4 18. Rac1 Bxe4 19. a4 Ba3 20. Rc3
Bb2 21. Rb3 Bc2 22. Rxb2 Nxb2 23. axb5 axb5 24. Bd5 Rad8 25. Rc1 Bg6 26.
Rxc7 Bxh5 27. Bb3 Nc4 28. Bf4 Bxf3 29. gxf3 Rd3 30. Bc2 Rxf3 31. Bg3 g6 32.
Be4 Rc3 33. Rb7 Rb3 34. Bd5 Rb1+ 35. Kg2 Na5 36. Ra7 Nc4 37. Rb7 Rb3 38.
Bh4 Kg7 39. Be7 Rc8 40. Bh4 Nd6 41. Rb6 Nc4 42. Rb7 Nd6 43. Rd7 Rd3 44. Bf3
Re8 45. Bg3 Re6 46. Bg4 Rf6 47. Be5 Rd5 48. Bb2 g5 49. Bf3 Rd2 50. Be5 Kg6
51. Bxf6 Kxf6 52. Rd8 b4 53. Rb8 Rd4 54. h3 Kg7 55. Rb6 h6 56. Bh5 Kf6 57.
Bg4 Ke5 58. Rb8 f5 59. Bh5 Ne4 60. Rb6 Kf4 61. Bg6 Rd2 62. Rxb4 Rxf2+ 63.
Kg1 Rd2 64. Rb5 Nd6 65. Rb3 Ke5 66. Ra3 Rb2 67. Ra5+ Rb5 68. Ra3 Rb6 69.
Bh5 Rb4 70. Be2 Ne4 71. Ra6 Ng3 72. Bd3 Rb3 73. Bc2 Rc3 74. Ra2 h5 75. Kg2
h4 76. Bd1 Kf4 77. Rf2+ Ke5 78. Ra2 Ne4 79. Bf3 Rd3 80. Ra4 Rd2+ 81. Kg1
Kf4 82. Bg2 Rc2 83. Rb4 Kg3 84. Rb3+ Rc3 85. Rb1 Nd2 86. Rd1 Nf3+ 87. Kh1
g4 88. hxg4 fxg4 89. Rf1 Re3 90. Ra1 Re1+ 91. Rxe1 Nxe1 92. Bb7 Kf2 93. Bc8
g3 94. Bh3 Nf3 95. Bg2 Ng5 96. Bh3 Ne4 97. Bg2 Nc3 98. Bh3 Nd1 99. Bg2 Ne3
100. Bh3 Kf3 101. Kg1 Kf4 102. Kh1 Ng4 103. Kg1 Nf2 104. Bc8 h3 105. Bb7
h2+ 106. Kf1 h1=Q+ 0-1

[Event "World Blitz 2023"]
[Site "Samarkand UZB"]
[Date "2023.12.29"]
[EventDate "2023.12.29"]
[Round "11.25"]
[Result "1/2-1/2"]
[White "Andrey Esipenko"]
[Black "Savva Vetokhin"]
[WhiteElo "2615"]
[BlackElo "2483"]
[PlyCount "102"]

1. d4 Nf6 2. c4 e6 3. Nf3 d5 4. g3 dxc4 5. Bg2 c5 6. Qa4+ Nc6 7. dxc5 Qa5+
8. Qxa5 Nxa5 9. Bd2 Nc6 10. Na3 Bxc5 11. Nxc4 O-O 12. O-O Bd7 13. Rac1 Rfd8
14. Nce5 Bb6 15. Nc4 Bc7 16. b4 b5 17. Na5 Bxa5 18. bxa5 Rac8 19. a6 Nd5
20. Rc5 Nc7 21. Be3 b4 22. Ne5 Nxe5 23. Rxe5 Nd5 24. Bxd5 exd5 25. Rxd5 Be6
26. Rb5 Bc4 27. Rxb4 Bxe2 28. Re1 Bxa6 29. Bxa7 h6 30. g4 Rc2 31. a4 Ra2
32. Bb6 Rd5 33. a5 Be2 34. h3 h5 35. Re4 Rdd2 36. Kg2 Ba6 37. Kg3 Rd3+ 38.
R1e3 Rd1 39. gxh5 Rg1+ 40. Kh2 Rf1 41. Rf3 Bb5 42. Re7 Bc4 43. Rf5 Be6 44.
Re5 Ra3 45. Be3 Rfa1 46. Kg3 Rxa5 47. Rxa5 Rxa5 48. Kh4 Ra4+ 49. Kg3 Ra5
50. h6 gxh6 51. h4 h5 1/2-1/2

[Event "World Blitz 2023"]
[Site "Samarkand UZB"]
[Date "2023.12.29"]
[EventDate "2023.12.29"]
[Round "11.26"]
[Result "1/2-1/2"]
[White "Liam Vrolijk"]
[Black "Ruslan Ponomariov"]
[WhiteElo "2487"]
[BlackElo "2613"]
[PlyCount "134"]

1. Nf3 d5 2. e3 c5 3. b3 Nc6 4. Bb5 Bd7 5. Bb2 a6 6. Be2 Nf6 7. O-O e6 8.
c4 Bd6 9. cxd5 exd5 10. d4 cxd4 11. Nxd4 O-O 12. Nd2 Re8 13. Rc1 Qe7 14.
Nxc6 bxc6 15. Nf3 Ne4 16. Qd4 f6 17. Qd3 a5 18. Nd4 c5 19. Nb5 Be6 20. Nxd6
Qxd6 21. Rfd1 Red8 22. Qc2 Rac8 23. Bd3 f5 24. f3 Ng5 25. Bxf5 Qe7 26. Bd3
Bf7 27. Qf2 Re8 28. Re1 c4 29. Bb1 Ne6 30. e4 dxe4 31. Bxe4 cxb3 32. Rxc8
Rxc8 33. axb3 Qc5 34. Re3 Qb6 35. f4 Nc5 36. Rg3 g6 37. Qd4 Nd7 38. f5
Qxd4+ 39. Bxd4 Rb8 40. fxg6 hxg6 41. Bxg6 Bxg6 42. Rxg6+ Kf7 43. Ra6 Rxb3
44. Rxa5 Rd3 45. Be5 Ke6 46. Bg3 Nf6 47. Re5+ Kf7 48. Re1 Kg6 49. Bf4 Kf5
50. Bc1 Rb3 51. h3 Ne4 52. Kh2 Ke5 53. Rf1 Rb7 54. h4 Ke6 55. h5 Nf6 56. h6
Rb5 57. Rf3 Rh5+ 58. Rh3 Rxh3+ 59. Kxh3 Kf5 60. Bb2 Nh7 61. g4+ Kg6 62. Bg7
Ng5+ 63. Kh4 Nf7 64. Kg3 Nxh6 65. Bxh6 Kxh6 66. Kf4 Kg6 67. Ke4 1/2-1/2

[Event "World Blitz 2023"]
[Site "Samarkand UZB"]
[Date "2023.12.29"]
[EventDate "2023.12.29"]
[Round "11.27"]
[Result "1-0"]
[White "Bardiya Daneshvar"]
[Black "Kacper Piorun"]
[WhiteElo "2483"]
[BlackElo "2589"]
[PlyCount "100"]

1. d4 g6 2. c4 Bg7 3. e4 d6 4. Nc3 c5 5. Nge2 Nd7 6. Be3 Ngf6 7. f3 b6 8.
Qd2 Bb7 9. d5 O-O 10. h4 h5 11. Nf4 Ne5 12. Be2 Qd7 13. Rd1 Rad8 14. a3 e6
15. Kf2 exd5 16. cxd5 a6 17. b4 cxb4 18. axb4 b5 19. Rc1 Rc8 20. Bd4 Qe7
21. g3 Nfd7 22. Kg2 Qd8 23. Nb1 Re8 24. Qe3 Nf8 25. Qf2 Qd7 26. Nd2 Bh6 27.
Be3 Bg7 28. Nb3 Nc4 29. Bd4 Be5 30. Bxc4 Rxc4 31. Bxe5 dxe5 32. Nd3 Qd6 33.
Na5 Rxc1 34. Rxc1 Bc8 35. Rc6 Qe7 36. Qc5 Qd7 37. Nf2 Qd8 38. Rd6 Qe7 39.
Nc6 Qb7 40. Rd8 Rxd8 41. Nxd8 Qd7 42. Nc6 Qe8 43. Ne7+ Kg7 44. Nxc8 Nd7 45.
Qc6 Qd8 46. Nd6 a5 47. bxa5 b4 48. a6 b3 49. Nc4 Nb8 50. Qb7 1-0

[Event "World Blitz 2023"]
[Site "Samarkand UZB"]
[Date "2023.12.29"]
[EventDate "2023.12.29"]
[Round "11.28"]
[Result "1/2-1/2"]
[White "Robert Hovhannisyan"]
[Black "Ramazan Zhalmakhanov"]
[WhiteElo "2570"]
[BlackElo "2427"]
[PlyCount "120"]

1. e4 c5 2. Nf3 g6 3. d4 cxd4 4. Qxd4 Nf6 5. Nc3 Nc6 6. Qa4 d6 7. e5 dxe5
8. Nxe5 Bg7 9. Bb5 Bd7 10. Nxd7 Qxd7 11. O-O O-O 12. Rd1 Qf5 13. Bxc6 bxc6
14. h3 Nd5 15. Bd2 Nxc3 16. Bxc3 Bxc3 17. bxc3 Qc5 18. Qb4 Qxb4 19. cxb4
Rfd8 20. Kf1 Kf8 21. Ke2 e5 22. Rxd8+ Rxd8 23. Rd1 Rb8 24. a3 Ke7 25. g4 a5
26. Rb1 axb4 27. axb4 Ra8 28. c4 f5 29. b5 cxb5 30. cxb5 Kd6 31. gxf5 gxf5
32. b6 Kc6 33. Rb3 Kb7 34. Rb5 Ra3 35. Rxe5 Rxh3 36. Rxf5 Kxb6 37. Rd5 Kc6
38. Rd8 Rh5 39. Ke3 Rd5 40. Rh8 Rd7 41. Ke4 Re7+ 42. Kd4 Rf7 43. Ke3 Kd5
44. Re8 Kd6 45. Ra8 Ke6 46. f4 Kf5 47. Ra5+ Kg6 48. Kf3 Rf6 49. Kg4 h5+ 50.
Kf3 Rf5 51. Ra6+ Rf6 52. Ra8 Re6 53. Rg8+ Kh6 54. f5 Ra6 55. Kf4 Ra4+ 56.
Ke5 Ra5+ 57. Kf6 Ra6+ 58. Ke5 Ra5+ 59. Kf4 Ra4+ 60. Ke5 Ra5+ 1/2-1/2

[Event "World Blitz 2023"]
[Site "Samarkand UZB"]
[Date "2023.12.29"]
[EventDate "2023.12.29"]
[Round "11.29"]
[Result "1-0"]
[White "Ilia Iljiushenok"]
[Black "David Paravyan"]
[WhiteElo "2479"]
[BlackElo "2566"]
[PlyCount "136"]

1. e4 e5 2. Nc3 Nf6 3. Nf3 Nc6 4. Bb5 Nd4 5. Bc4 Bc5 6. d3 d6 7. Na4 b5 8.
Nxd4 bxc4 9. Ne2 cxd3 10. Qxd3 Bb6 11. O-O Bb7 12. Ng3 Qd7 13. b3 h5 14.
Nxb6 axb6 15. f3 h4 16. Nf5 g6 17. Ne3 h3 18. g3 d5 19. exd5 Nxd5 20. Bb2
O-O-O 21. Ng4 e4 22. fxe4 Qxg4 23. Bxh8 Ne7 24. Qf3 Qxf3 25. Rxf3 Rxh8 26.
Rxf7 Kd7 27. Rf6 Rh5 28. Rd1+ Ke8 29. Rdf1 Ra5 30. a4 Rc5 31. c4 Re5 32.
Rf8+ Kd7 33. Rd1+ Ke6 34. b4 Rxe4 35. a5 bxa5 36. bxa5 Rxc4 37. Re1+ Kd7
38. a6 Bd5 39. a7 Ra4 40. Rh8 Nf5 41. Rd1 Nd4 42. a8=Q Bxa8 43. Rxa8 Rxa8
44. Rxd4+ Ke6 45. Rc4 Rc8 46. Rc6+ Kd5 47. Rxg6 c5 48. Kf2 Kd4 49. Ke2 Kc3
50. Rh6 c4 51. Rxh3 Kb2 52. Rh7 c3 53. Rb7+ Kc1 54. g4 c2 55. g5 Rc4 56. g6
Rg4 57. g7 Rg6 58. h4 Re6+ 59. Kf2 Rf6+ 60. Ke2 Re6+ 61. Kf2 Rf6+ 62. Ke3
Kd1 63. Rd7+ Ke1 64. Rc7 Re6+ 65. Kf4 Rg6 66. Rxc2 Rxg7 67. h5 Kd1 68. Rh2
1-0

[Event "World Blitz 2023"]
[Site "Samarkand UZB"]
[Date "2023.12.29"]
[EventDate "2023.12.29"]
[Round "11.30"]
[Result "1/2-1/2"]
[White "Robert Ruck"]
[Black "Benjamin Haldorsen"]
[WhiteElo "2561"]
[BlackElo "2405"]
[PlyCount "134"]

1. Nf3 Nf6 2. c4 b6 3. g3 Bb7 4. Bg2 g6 5. O-O Bg7 6. d4 O-O 7. Qc2 e6 8.
Nc3 c5 9. dxc5 bxc5 10. Rd1 Qe7 11. Bf4 Ne8 12. Ne4 e5 13. Bg5 f6 14. Be3
d6 15. Nc3 Nd7 16. Rd2 Nb6 17. b3 f5 18. Rdd1 Nf6 19. Bc1 e4 20. Ne1 Rad8
21. Rb1 h6 22. e3 Kh7 23. Bb2 h5 24. h4 Ng4 25. Ne2 Ne5 26. Nf4 d5 27. cxd5
Nxd5 28. Nxd5 Bxd5 29. Bxe5 Bxe5 30. Rd2 Bf7 31. Rbd1 Rxd2 32. Qxd2 c4 33.
bxc4 Bxc4 34. Bf1 Bf7 35. Ng2 Bf6 36. Nf4 Rd8 37. Qc2 Rxd1 38. Qxd1 Bxa2
39. Nd5 Qd6 40. Nxf6+ Qxf6 41. Qa4 Qf7 42. Qa6 Bd5 43. Kg2 Qb7 44. Qa5 Bf7
45. Qe5 Qb6 46. Qe7 Kg8 47. Be2 a5 48. Bd1 Qb4 49. Qd8+ Kg7 50. Qd7 Qc4 51.
Qa7 Qb4 52. Qd7 Qc5 53. Bb3 Qf8 54. Qa7 Kg8 55. Bxf7+ Qxf7 56. Qxa5 Qc4 57.
Qb6 Kg7 58. Qb7+ Kf6 59. Qh7 Qe2 60. Qh8+ Kf7 61. Qh7+ Kf6 62. Qg8 Qf3+ 63.
Kg1 Qd1+ 64. Kh2 Qf1 65. Qf8+ Ke6 66. Qe8+ Kf6 67. Qf8+ 1/2-1/2

[Event "World Blitz 2023"]
[Site "Samarkand UZB"]
[Date "2023.12.29"]
[EventDate "2023.12.29"]
[Round "11.31"]
[Result "1-0"]
[White "Denis Lazavik"]
[Black "Jakub Seemann"]
[WhiteElo "2556"]
[BlackElo "2332"]
[PlyCount "74"]

1. d4 Nf6 2. c4 e6 3. Nf3 d5 4. g3 Bb4+ 5. Bd2 a5 6. Bg2 dxc4 7. a3 Bxd2+
8. Nbxd2 b5 9. b3 cxb3 10. Qxb3 c6 11. O-O O-O 12. Rfc1 Qb6 13. Qb2 a4 14.
Ne5 Bb7 15. Ne4 Nbd7 16. Nxf6+ Nxf6 17. Rc5 Nd5 18. Nd7 Qd8 19. Nxf8 Qxf8
20. Rac1 h5 21. e4 Nb6 22. Rxh5 Nc4 23. Rxc4 bxc4 24. Qxb7 Rb8 25. Qxc6 Rc8
26. Qxa4 c3 27. Qc2 Qxa3 28. Bf1 Qb4 29. d5 g6 30. Rg5 e5 31. Rxe5 Qd4 32.
Re7 Rb8 33. Qc1 Qc5 34. d6 c2 35. Rc7 Qxd6 36. Rxc2 Qd4 37. Rc8+ Rxc8 1-0

[Event "World Blitz 2023"]
[Site "Samarkand UZB"]
[Date "2023.12.29"]
[EventDate "2023.12.29"]
[Round "11.32"]
[Result "1-0"]
[White "Manuel Petrosyan"]
[Black "Khumoyun Begmuratov"]
[WhiteElo "2556"]
[BlackElo "2276"]
[PlyCount "94"]

1. d4 Nf6 2. Nf3 e6 3. Bf4 b6 4. e3 Bb7 5. Be2 Bd6 6. Bxd6 cxd6 7. c4 d5 8.
Nc3 dxc4 9. Bxc4 d5 10. Bb5+ Nbd7 11. O-O O-O 12. Rc1 Qe7 13. Qa4 a6 14.
Bxd7 Nxd7 15. a3 Rfc8 16. Nd2 Qd6 17. Rc2 Rc7 18. Rfc1 Rac8 19. h3 h6 20.
Qb3 g6 21. Ne2 Kg7 22. Nf4 a5 23. Qd3 Ba6 24. Rxc7 Rxc7 25. Qb1 Kf8 26. h4
Ke7 27. Nf3 Bb5 28. g4 Nf6 29. Ne5 Ne4 30. f3 Nd2 31. Rxc7+ Qxc7 32. Qd1
Nc4 33. Qc2 Qd6 34. Nxc4 dxc4 35. g5 hxg5 36. hxg5 Kf8 37. Kf2 e5 38. dxe5
Qxe5 39. Qc3 Qxg5 40. Qh8+ Ke7 41. Qd4 Qh4+ 42. Kg2 Qg5+ 43. Kf2 Qh4+ 44.
Kg2 Qg5+ 45. Kf2 Qh4+ 46. Kg2 Bc6 47. Nxg6+ 1-0

[Event "World Blitz 2023"]
[Site "Samarkand UZB"]
[Date "2023.12.29"]
[EventDate "2023.12.29"]
[Round "11.34"]
[Result "0-1"]
[White "Pavel Ponkratov"]
[Black "Artem Uskov"]
[WhiteElo "2547"]
[BlackElo "2328"]
[PlyCount "78"]

1. Nf3 d5 2. g3 g6 3. c4 dxc4 4. Na3 Bg7 5. Nxc4 c5 6. Bg2 Nc6 7. O-O Nf6
8. Rb1 O-O 9. a3 Be6 10. Ne3 Rc8 11. b4 cxb4 12. axb4 Nd5 13. b5 Nd4 14.
Nxd4 Bxd4 15. Qa4 Bb6 16. Bb2 Qd7 17. Qh4 f6 18. Ba1 Rfd8 19. h3 Nxe3 20.
dxe3 Rc2 21. Rfe1 Ba5 22. Qa4 Ra2 23. Qf4 Bxe1 24. Rxe1 Qd2 25. Rf1 Qxe2
26. Qc7 Rd7 27. Qc8+ Kg7 28. Bd5 Bxh3 29. Qg8+ Kh6 30. Qf8+ Kh5 31. Bg2
Qxf1+ 32. Bxf1 Rxa1 33. Qf7 Rxf1+ 34. Kh2 Bg4 35. Qxh7+ Kg5 36. Qh4+ Kf5
37. e4+ Ke5 38. f4+ Kxe4 39. Kg2 Re1 0-1

[Event "World Blitz 2023"]
[Site "Samarkand UZB"]
[Date "2023.12.29"]
[EventDate "2023.12.29"]
[Round "11.35"]
[Result "1-0"]
[White "Maksim Tsaruk"]
[Black "Velimir Ivic"]
[WhiteElo "2378"]
[BlackElo "2542"]
[PlyCount "94"]

1. e4 c5 2. Nf3 Nc6 3. d4 cxd4 4. Nxd4 Nf6 5. Nc3 e5 6. Ndb5 d6 7. Bg5 a6
8. Na3 b5 9. Nd5 Be7 10. Bxf6 Bxf6 11. c3 Rb8 12. Nc2 O-O 13. h4 g6 14. g3
Bg7 15. Bg2 h5 16. O-O a5 17. Qd2 Be6 18. Rad1 Rb7 19. a3 Kh7 20. b4 Bh6
21. Qe2 Kg7 22. Nce3 Re8 23. Rd3 Ne7 24. Rfd1 Nxd5 25. Nxd5 Qc8 26. Kh2
axb4 27. axb4 Rd8 28. Ne3 Rb6 29. Nd5 Ra6 30. Rb1 Ra3 31. Rb2 Qc4 32. Rd1
Qc6 33. Bh3 Bxd5 34. Rxd5 Qxc3 35. Rxb5 Ra1 36. Rb7 Qc1 37. Bg2 Rc8 38. Rd7
Qc6 39. Bh3 Rca8 40. b5 Qc1 41. Bg2 Qc5 42. Qf3 Rf8 43. b6 Bc1 44. Re2 Qxb6
45. Rc2 Ba3 46. Rcc7 Qb1 47. Rxf7+ Kg8 1-0

[Event "World Blitz 2023"]
[Site "Samarkand UZB"]
[Date "2023.12.29"]
[EventDate "2023.12.29"]
[Round "11.36"]
[Result "0-1"]
[White "Mukhammadali Abdurakhmonov"]
[Black "Rudik Makarian"]
[WhiteElo "2214"]
[BlackElo "2540"]
[PlyCount "134"]

1. d4 Nf6 2. Bg5 e6 3. e4 h6 4. Bxf6 Qxf6 5. Nf3 b6 6. Nbd2 Bb7 7. Bd3 Qe7
8. O-O g6 9. e5 Bg7 10. Re1 d6 11. c3 Nd7 12. Qc2 O-O 13. Rad1 a6 14. a4
Rfd8 15. h4 Nf8 16. Ne4 dxe5 17. dxe5 Nd7 18. Ned2 Nc5 19. Bf1 Bc6 20. b3
a5 21. Nd4 Bb7 22. g3 Nd7 23. N4f3 Nf8 24. Bg2 Rd7 25. Nc4 Rad8 26. Rxd7
Qxd7 27. Ne3 Qc8 28. Ng4 Qa8 29. Re3 h5 30. Ngh2 Bh6 31. Rd3 Rxd3 32. Qxd3
Be4 33. Qd1 Qd5 34. Qxd5 exd5 35. Nd4 Bd2 36. Ne2 Nd7 37. Nf1 Be1 38. Ne3
Nxe5 39. Nxd5 Bxd5 40. Bxd5 Ng4 41. f3 Ne3 42. Be4 Kg7 43. c4 Kf6 44. f4
Ke6 45. Kh2 Kd6 46. Kh3 f5 47. Bf3 Kc5 48. Nc1 Kd4 49. Bc6 Bd2 50. Ne2+ Kd3
51. Ng1 Kc3 52. Nf3 Ng4 53. Be8 Be3 54. Bxg6 Kxb3 55. Bxh5 Nf2+ 56. Kg2
Kxa4 57. Be8+ Kb4 58. h5 Ng4 59. Bd7 Nh6 60. Nh4 a4 61. Nxf5 Nxf5 62. Bxf5
a3 63. Bb1 Kb3 64. h6 Kb2 65. h7 Bd4 66. g4 Kxb1 67. g5 a2 0-1

[Event "World Blitz 2023"]
[Site "Samarkand UZB"]
[Date "2023.12.29"]
[EventDate "2023.12.29"]
[Round "11.37"]
[Result "1-0"]
[White "Guha Mitrabha"]
[Black "Mikhail Markov"]
[WhiteElo "2512"]
[BlackElo "2255"]
[PlyCount "158"]

1. Nf3 Nf6 2. c4 e6 3. g3 d5 4. Bg2 Be7 5. O-O O-O 6. d4 Nbd7 7. Qc2 c5 8.
Rd1 b6 9. cxd5 exd5 10. Nc3 Bb7 11. Bf4 a6 12. Rac1 Rc8 13. Qb1 Re8 14. Bh3
h6 15. e3 c4 16. Ne5 b5 17. Bg2 g5 18. Nxd7 Qxd7 19. Be5 b4 20. Bxf6 Bxf6
21. Ne2 a5 22. h3 Ba6 23. g4 Bg7 24. Ng3 Rc6 25. Qf5 Rd6 26. Qf3 Bb7 27. a3
Rf6 28. Nf5 Bf8 29. axb4 axb4 30. Ra1 c3 31. bxc3 bxc3 32. Rdc1 Rc8 33. Qd1
Ra6 34. Rxa6 Bxa6 35. Qb3 Bd3 36. Rxc3 Rxc3 37. Qxc3 Bxf5 38. gxf5 Qxf5 39.
Qb3 Bd6 40. Qb5 Kg7 41. Qb7 g4 42. hxg4 Qxg4 43. Qxd5 Qd1+ 44. Bf1 Qg4+ 45.
Qg2 h5 46. Be2 Qxg2+ 47. Kxg2 Kg6 48. Bb5 Kg5 49. Kf3 f6 50. Ke4 Bh2 51.
Bd7 h4 52. f4+ Kg6 53. Bf5+ Kf7 54. Kf3 Bg1 55. Bh3 Ke7 56. Ke4 Kd6 57. Kd3
Bf2 58. e4 Bg3 59. Ke3 Bh2 60. Bg2 Bg1+ 61. Kd3 Bh2 62. e5+ Ke7 63. Ke4
fxe5 64. dxe5 Kf7 65. f5 Bg1 66. f6 Bc5 67. Kf5 Kf8 68. e6 Bb4 69. Bf1 Ba3
70. Ke4 Bb4 71. Kf5 Ba3 72. Kg4 Bb4 73. Kxh4 Bc3 74. Kg5 Bb4 75. Kf5 Ke8
76. Bb5+ Kf8 77. Be2 Ke8 78. Bh5+ Kf8 79. Ke4 Ba3 1-0